The brown iron ores of eastern Texas, (Record no. 27492)

MARC details
000 -LEADER
fixed length control field 00925cam a22002531 4500
001 - CONTROL NUMBER
control field gs 38000281
003 - CONTROL NUMBER IDENTIFIER
control field DLC
005 - DATE AND TIME OF LATEST TRANSACTION
control field 20260227111343.0
008 - FIXED-LENGTH DATA ELEMENTS--GENERAL INFORMATION
fixed length control field 751006s1938 dcuabdf f000 0 eng c
010 ## - LIBRARY OF CONGRESS CONTROL NUMBER
LC control number gs 38000281
035 ## - SYSTEM CONTROL NUMBER
System control number (OCoLC)1678200
040 ## - CATALOGING SOURCE
Original cataloging agency U. S. Geol. Survey Library
Transcribing agency TxArU
Modifying agency OCoLC
-- DLC
042 ## - AUTHENTICATION CODE
Authentication code premarc
050 00 - LIBRARY OF CONGRESS CALL NUMBER
Classification number QE75
Item number .B9 no. 902
100 1# - MAIN ENTRY--PERSONAL NAME
Personal name Eckel, Edwin Butt,
Dates associated with a name 1906-
245 14 - TITLE STATEMENT
Title The brown iron ores of eastern Texas,
Statement of responsibility, etc. by Edwin B. Eckel.
260 ## - PUBLICATION, DISTRIBUTION, ETC.
Place of publication, distribution, etc. Washington,
Name of publisher, distributor, etc. U.S. Govt. Print. Off.,
Date of publication, distribution, etc. 1938.
300 ## - PHYSICAL DESCRIPTION
Extent vi, 157 p. incl. illus.,
Other physical details tables. 20 pl. (incl. fold. maps, fold. diagr.)
Dimensions 23 cm.
410 20 - SERIES STATEMENT/ADDED ENTRY--CORPORATE NAME [OBSOLETE, CAN/MARC], [LOCAL, USA]
Corporate name or jurisdiction name as entry element Geological Survey (U.S.).
Title of a work Bulletin
Volume number/sequential designation 902
500 ## - GENERAL NOTE
General note At head of title: United States Department of the Interior ... Geological Survey ...
500 ## - GENERAL NOTE
General note Three of the folded maps are in pocket.
504 ## - BIBLIOGRAPHY, ETC. NOTE
Bibliography, etc. note Bibliographical foot-notes.
650 #0 - SUBJECT ADDED ENTRY--TOPICAL TERM
Topical term or geographic name entry element Iron ores
Geographic subdivision Texas.

No items available.

Powered by Koha